000 01135nam0a22002651 4500
001 rc\245768
005 20030307120452.6
035 _a(NLR Aleph) 005502395
090 _a5320692
_c5320692
100 _a20030307d1990 u |0rusy50 ca
101 0 _arus
102 _aRU
105 _aa |||||||||
200 1 _aПерспективные системы радиосвязи
_eУчеб. пособие
_fМ.М. Маковеева, Н.С. Мамаев, Л.Г. Мордухович
_gМ-во связи СССР. Ин-т повышения квалификации руководящих работников и специалистов при Моск. ин-те связи
210 _aМ.
_cИПК МИС
_d1990
215 _a69 с.
_cил.
_d20
320 _aБиблиогр.: с. 67-68
700 1 _aМаковеева
_bМ. М.
_gМайя Михайловна
701 1 _aМамаев
_bН. С.
_gНиколай Степанович
701 1 _aМордухович
_bЛ. Г.
_gЛеонид Григорьевич
801 0 _aRU
_bNLR
_gpsbo
801 1 _aRU
_bELAR
_2rusmarc
852 _aNLR
_j91-4/9463
942 _cBOOK
980 _aNB